| 000 | 00872 a2200205 4500 | ||
|---|---|---|---|
| 003 | NUST | ||
| 005 | 20230712115402.0 | ||
| 010 | _a 95020414 | ||
| 040 | _cNust | ||
| 082 | 0 | 0 | _a539,WIC |
| 100 | 1 |
_aWichmann, Eyvind H _9109165 |
|
| 245 | 1 | 0 |
_aQuantum Physics : _bBerkeley Physics Course- Vol-4 / _cEyvind H Wichmann |
| 260 |
_aNew York : _b Graw Hill _cc1996. |
||
| 300 |
_ax, 423 p. : _bill. ; _c26 cm. |
||
| 505 | _aIntroduction (Page-1), Magnitudes Of Physical Quatitities in Quantum Physics (Page-44), Energy Level (Page-93), Photons (Page-141), Material Particles (Page-179), Theory of Stationery States (Page-311). | ||
| 650 | 0 |
_aQuantum theory. _9177 |
|
| 856 | 4 | 2 |
_3Publisher description _uhttp://www.loc.gov/catdir/description/wiley031/95020414.html |
| 856 | 4 | 2 |
_3Table of Contents _uhttp://www.loc.gov/catdir/toc/onix01/95020414.html |
| 942 |
_2ddc _cBK _k539,WIC |
||
| 999 |
_c184482 _d184482 |
||